000 00329nam a2200145Ia 4500
003 OSt
005 20240322143149.0
008 170523s9999 xx 000 0 und d
020 _a978-0131862142
040 _cIIMT UNIVERSITY
100 _aNARSINHAN
245 0 _aPRODUCT PLANNING & INVENTORY
260 _bPHI
942 _2ddc
_c02
999 _c1856
_d1856